00610 a2200181 4500020001500000035002300015040001300038082000800051100001100059245007700070260004300147300002600190440002600216500005000242600001400292700003400306856008800340 a0486270661 a(OCoLC)ocm24215627 aDLCbDLC00a1840 aPlato.14aThe trial and death of Socrates : four dialoguesbfour dialoguescPlato. aNew York :bDover Publications,c1992. avii, 115 p. ;c21 cm. 0aDover thrift editions aTranslated from the Greek by Benjamin Jowett.00aSocrates.1 aJowett, Benjamin,d1817-1893.423Publisher descriptionuhttp://www.loc.gov/catdir/description/dover031/91029825.html